Statistics for Physics questions

Click here to take the quiz!

General Stats

  • This quiz has been taken 599 times
  • The average score is 3 of 6

Answer Stats

HintAnswer% Correct
What is the unit of power?Watt
88%
what is c?speed of light in a Vaccum
85%
What country is the CERN LHC based inSwitzerland
77%
what are electrons, Quarks and leptons example of?Fundamental particles
44%
Who split the atom?Ernest Rutherford
35%
who is the famous Scottish Physicist who based his work on electromagnetism?James Clerk Maxwell
15%

Score Distribution

Percentile by Number Answered

Percent of People with Each Score

Your Score History

You have not taken this quiz